Brain maker (Запис номер 517678)
[ съкратено ]
| 000 -Лидер | |
|---|---|
| Лидер | 01272nam a2200337 a 4500 |
| 003 - Код на организацията, давaща контролен номер | |
| Код на организацията, даваща контролен номер | BLK |
| 005 - Дата и час на последна редакция | |
| Дата и час на последна редакция | 20240925135054.0 |
| 007 - Фиксирано поле за физическо описани | |
| Физическо описание | ta |
| 008 - Елементи от данни с фиксирана дължина | |
| Елементи с фиксирана дължина | 221104b bu |||||r|||| 00| | bu d |
| 020 ## - Международен стандартен номер на книга ISBN | |
| ISBN | 9781473619357 |
| 040 ## - Източник на каталожния запис | |
| Код на библиотеката | BLK |
| 041 ## - Код за език | |
| Език | Английски |
| Език за КДБФ | Английски |
| 080 ## - УДК | |
| 9 (RLIN) | 229966 |
| УДК текст | Главен мозък. Мозъчни центрове. Вж и 159.91 ; 613.8 |
| УДК код | 612.82 |
| УДК – код + определител | 612.82 |
| 080 ## - УДК | |
| 9 (RLIN) | 230343 |
| УДК текст | Диетотерапия. Усилено и органично хранене, диети, богати на тлъстини, на минерали и др. |
| УДК код | 615.874 |
| УДК – код + определител | 615.874 |
| 084 ## - Класификационен индекс по друга класификация | |
| Авторски знак | Perl - P 45 |
| 100 ## - Редна дума - Автор | |
| R(LIN) | 494826 |
| Автор | Perlmutter, David |
| 245 ## - Сведения за заглавието | |
| Заглавие | Brain maker |
| Подзаглавни данни | The power of gut microbes to heal and protect your brain for life |
| Авторска отговорност | David Perlmutter, Kristin Loberg |
| 260 ## - Област на издателските данни | |
| 9 (RLIN) | 494827 |
| Място на издаване | London |
| Име на издателя | Yellow Kite |
| Година на издаване | 2015 |
| 300 ## - Физическа характеристика | |
| Брой страници | 311 p. |
| Размер | 21 cm |
| 380 ## - Жанр | |
| Жанр | Медицина |
| 650 #0 - Допълнително описание по предмет – тема | |
| 9 (RLIN) | 270033 |
| Предметна рубрика | Главен мозък |
| 650 #7 - Допълнително описание по предмет – тема | |
| 9 (RLIN) | 176826 |
| Предметна рубрика | Хранене |
| 653 ## - Ключова дума – ненормативна | |
| 9 (RLIN) | 200595 |
| Ключови думи | черва |
| 653 ## - Ключова дума – ненормативна | |
| 9 (RLIN) | 191007 |
| Ключови думи | микрофлора |
| 653 ## - Ключова дума – ненормативна | |
| 9 (RLIN) | 422934 |
| Ключови думи | микроби |
| 700 ## - Други автори (авторска отговорност) | |
| 9 (RLIN) | 494828 |
| Друг автор | Loberg, Kristin |
| 852 ## - Местоположение | |
| Отдел | Заемна - подръчен фонд |
| Систематично-азбучна сигнатура | 612.8/P 45 D |
| 856 ## - Електронен адрес и достъп | |
| Инструкция (цена за достъп) | 0.00 |
| Права за достъп | disable |
| 942 ## - АРТИКУЛИ | |
| Вид на библиотечния документ | Книги |
| Скрит в OPAC | Не |
| 944 ## - СЪЗДАВАНЕ И РЕДАКЦИЯ на ЗАПИСА | |
| Създаване/Редакция | |
| Дата на регистрацията/редакция | Кети Илиева |
| Служител, извършил регистрацията/редакцията | 30550 |
| Номер на служител | Кети Илиева |
| 999 ## - СИСТЕМНИ КОНТРОЛНИ НОМЕРА | |
| Koha biblionumber | 517678 |
| Koha biblioitemnumber | 517678 |
| Код за отписване | Код за изгубен артикул | Източник на класификационната схема | Код за повреда | Код за отдаване | Артикулен № | Име на библиотеката - собственик | Име на библиотеката, в която се намира в момента | Статус (Текущо местоположение) | Дата на вписване в системата | Местоположение - отдел | Цена в лева | Инвентарен номер | Систематично азбучна сигнатура | Баркод | Цена в евро | Служебен тип на артикула |
|---|---|---|---|---|---|---|---|---|---|---|---|---|---|---|---|---|
| Не е изгубен | Universal Decimal Classification | Не е повреден | заемане за дома | 950097 | Регионална библиотека "Любен Каравелов" Русе | Регионална библиотека "Любен Каравелов" Русе | Заемна - подръчен фонд | 2024-09-30 | Заемна - подръчен фонд | 10.00 | 120000913454 | 612.8/P 45 D | 120000913454 | 5.11 | Книги |